000 00294nam a22001337a 4500
008 170502b xxu||||| |||| 00| 0 eng d
020 _a9780534557485
041 _aeng
080 _a343.9
100 _a13
101 _aSHJ
245 _aUNDERSTANDING CRIME
_cWINFREE, L.TH
942 _2udc
_cBK
999 _c12346
_d12346